000 00594nam a2200193Ia 4500
008 151121s9999||||xx |||||||||||||| ||und||
082 _a813/चव्हाण
082 _bHNW-114190
100 _aचव्हाण अरुण
245 _aतिमिर भेद
260 _b"पद्मगंधा प्रकाशन, पुणे।"
260 _c2013
300 _a399
600 _aचव्हाण अरुण
630 _aतिमिर भेद
700 _aचव्हाण अरुण
730 _aतिमिर भेद
942 _cBOOK
999 _c1263218
_d1263215